[Event "It (open) \"]
[Site "masterchessopen.com Duisburg (Germany)"]
[Round "3"]
[White "Heidel Nicolas (GER)"]
[Black "Stelzer Wolfgang"]
[Result "1-0"]
[WhiteElo "2101"]
[BlackElo "1811"]

1.Nf3 Nf6 2.g3 g6 3.Bg2 Bg7 4.O-O O-O 5.d4 d5 6.c4 dxc4 7.Na3 Nc6 8.Nxc4 b5
9.Nfe5 Nxe5 10.dxe5 Qxd1 11.Rxd1 Ng4 12.Bxa8 bxc4 13.f4 Ba6 14.Bf3 Nh6 15.Rd7
Nf5 16.g4 Nh4 17.Rxc7 Rd8 18.Be3 Nxf3+ 19.exf3 f6 20.Rxa7 Bb5 21.Rxe7 fxe5
22.fxe5 Rd3 23.Kf2 Bf8 24.Rb7 Ba6 25.Rb8 Kf7 26.e6+ Kg7 27.Bh6+ Kxh6 28.Rxf8
Rd2+ 29.Kg3 Re2 30.Rd1 Rxe6 31.Rd7 Bb5 32.g5+ {#r} 1-0

[Event "It (open)"]
[Site "masterchessopen.com Augsburg (Germany)"]
[Round "1"]
[White "Froehlich Peter (GER)"]
[Black "Richter Moritz (GER)"]
[Result "1-0"]
[WhiteElo "2314"]
[BlackElo "2115"]

1.Nf3 Nf6 2.g3 g6 3.Bg2 Bg7 4.O-O d5 5.d4 O-O 6.c4 dxc4 7.Na3 c3 8.bxc3 Nd5
9.Bb2 c6 10.e4 Nb6 11.Qc2 Na6 12.h3 Nc7 13.Rfd1 Be6 14.c4 Qc8 15.Kh2 f6
16.Rac1 Bf7 17.Ne1 a5 18.Nd3 Na6 19.Qd2 Na4 20.Ba1 f5 21.e5 Qd8 22.Qc2 Nb6
23.Rb1 Nb4 24.Qb3 Nxd3 25.Qxd3 a4 26.d5 e6 27.dxe6 Bxe6 28.Qxd8 Raxd8 29.Rxd8
Rxd8 30.Rxb6 Rd3 31.Bb2 Rd2 32.Rxb7 Rxf2 33.Kg1 Re2 34.Bxc6 Bxe5 35.Bxe5 Rxe5
36.Kf2 Rc5 {#r} 1-0

[Event "Cup Tenkes (open)"]
[Site "masterchessopen.com Harkany (Hungary)"]
[Date "1999.11.29"]
[Round "8"]
[White "Horvath Peter_ (HUN)"]
[Black "Flumbort Andras (HUN)"]
[Result "0-1"]
[WhiteElo "2450"]
[BlackElo "2281"]

1.d4 Nf6 2.Nf3 g6 3.c4 Bg7 4.g3 O-O 5.Bg2 d5 6.O-O dxc4 7.Na3 Nc6 8.Nxc4 Be6
9.b3 Bd5 10.Bb2 a5 11.Ne3 Be4 12.Ne1 Bxg2 13.N1xg2 a4 14.bxa4 Ne4 15.f3 Nc5
16.dxc5 Bxb2 17.Qxd8 Nxd8 18.Rad1 Ba3 19.Rd7 Ne6 20.Rb1 Bxc5 21.Rxb7 Rxa4
22.Rb2 Bd6 23.Nd5 Nc5 24.Rxe7 Bxe7 25.Nxe7+ Kg7 26.Rc2 Ne6 27.Nd5 Nd4 28.Rb2
Rfa8 29.Nxc7 Rxa2 {#R} 0-1

[Event "Ch Paulista"]
[Site "masterchessopen.com Americana (Brazil)"]
[Round "5"]
[White "Matsuura Everaldo (BRA)"]
[Black "Tsuboi Edson Kenji (BRA)"]
[Result "1-0"]
[WhiteElo "2443"]
[BlackElo "2307"]

1.d4 Nf6 2.Nf3 g6 3.g3 Bg7 4.Bg2 O-O 5.O-O d5 6.c4 dxc4 7.Na3 c3 8.bxc3 c5
9.e3 Nc6 10.Qe2 Nd5 11.Bb2 Qa5 12.Rfc1 Nb6 13.Nd2 Na4 14.Nac4 Qa6 15.Ba3 Bd7
16.Bf1 b5 17.Nb2 c4 18.Nxa4 Qxa4 19.Bb2 f5 20.Qf3 Rad8 21.Be2 e5 22.Qd5+ Kh8
23.Bd1 Qa6 24.a4 Ne7 25.Qc5 Qe6 26.axb5 f4 27.Ra6 Qh3 28.Qxe7 fxe3 29.fxe3
exd4 30.cxd4 c3 31.Bxc3 Bxb5 32.Bg4 Qxg4 33.Rxa7 Rd7 34.Rxd7 Bxd7 35.d5 {#r}
1-0

[Event "It (open)"]
[Site "masterchessopen.com Bad Zwesten (Germany)"]
[Round "9"]
[White "Gutman Lev (GER)"]
[Black "Van Den Doel Erik (NED)"]
[Result "1-0"]
[WhiteElo "2533"]
[BlackElo "2547"]

1.Nf3 Nf6 2.g3 g6 3.Bg2 Bg7 4.O-O O-O 5.d4 d5 6.c4 dxc4 7.Na3 Nc6 8.Nxc4 Be6
9.b3 a5 10.Bb2 a4 11.Ng5 Bd5 12.e4 Bxc4 13.bxc4 h6 14.Nh3 e5 15.d5 a3 16.Bc3
Na5 17.c5 Re8 18.Rc1 c6 19.Bb4 g5 20.Kh1 cxd5 21.exd5 e4 22.d6 Nd7 23.f4 Nc6
24.Bc3 Bxc3 25.Rxc3 Qf6 26.Rc4 e3 27.Ng1 Qe6 28.Qc2 Nf6 29.fxg5 hxg5 30.Qf5
Ne5 {#r} 1-0

[Event "Ch Europe (team) (juniors) (under 18)"]
[Site "masterchessopen.com Balatonlelle (Hungary)"]
[Round "7"]
[White "Kuljasevic Davorin (CRO)"]
[Black "Halldorsson Halldor (ISL)"]
[Result "1-0"]
[WhiteElo "2124"]
[BlackElo "2209"]

1.d4 Nf6 2.Nf3 g6 3.g3 Bg7 4.Bg2 O-O 5.O-O d5 6.c4 dxc4 7.Na3 Nc6 8.Nxc4 Be6
9.b3 a5 10.Bb2 Bd5 11.Rc1 a4 12.Ne3 Be4 13.bxa4 Ra6 14.Ne5 Bxg2 15.Nxg2 Qa8
16.Nxc6 bxc6 17.Rc4 Nd7 18.Qc2 c5 19.dxc5 Bxb2 20.Qxb2 Rxa4 21.Qd4 e5 22.Qd3
Rxc4 23.Qxc4 Qc6 24.Rc1 Rb8 25.Ne3 Nf6 26.a4 Rb2 27.Ra1 Kg7 28.a5 Qa8 29.a6 c6
30.Qc3 Rxe2 31.Qxe5 h5 32.Nf5+ {#r} 1-0

[Event "It (open)"]
[Site "masterchessopen.com Biel (Switzerland)"]
[Round "6"]
[White "Tillmann Marc (SUI)"]
[Black "Kuemin Simon (SUI)"]
[Result "0-1"]
[WhiteElo "2134"]
[BlackElo "2259"]

1.d4 Nf6 2.Nf3 g6 3.g3 Bg7 4.Bg2 O-O 5.O-O d5 6.c4 dxc4 7.Na3 Nc6 8.Nxc4 Be6
9.b3 Bd5 10.Bb2 a5 11.Nfe5 Bxg2 12.Kxg2 a4 13.f3 Ra6 14.e4 Nxe5 15.dxe5 Nd7
16.f4 axb3 17.axb3 Rxa1 18.Bxa1 c6 19.b4 Qc7 20.Qb3 Ra8 21.Bc3 b5 22.Na5 e6
23.Rd1 c5 24.Rd6 cxb4 25.Rc6 Qxa5 {#R} 0-1

[Event "It (a)"]
[Site "masterchessopen.com Budapest (Hungary)"]
[Round "3"]
[White "Rasmussen Rogvi W (FAI)"]
[Black "Keatinge-Clay Adrian (USA)"]
[Result "1-0"]
[WhiteElo "2146"]
[BlackElo "2336"]

1.d4 Nf6 2.c4 g6 3.g3 Bg7 4.Bg2 d5 5.Nf3 O-O 6.O-O dxc4 7.Na3 c3 8.bxc3 c5
9.Bb2 Nc6 10.e3 Bf5 11.Qe2 Qa5 12.Rfd1 Be4 13.Bf1 cxd4 14.cxd4 Rac8 15.Nd2 Nb4
16.Nxe4 Nxe4 17.Nc4 Qa4 18.a3 Nd5 19.Qd3 f5 20.Rac1 b5 21.Nd2 Nxd2 22.Qxd2 e6
23.Be2 a5 24.Rc5 Rb8 25.Rdc1 Rfe8 26.Bd1 {#r} 1-0

[Event "It (open)"]
[Site "masterchessopen.com Calcutta (India)"]
[Round "3"]
[White "Koneru Humpy (IND)"]
[Black "Konguvel Ponnuswamy (IND)"]
[Result "1-0"]
[WhiteElo "2286"]
[BlackElo "2377"]

1.d4 Nf6 2.Nf3 g6 3.g3 Bg7 4.Bg2 O-O 5.O-O d5 6.c4 dxc4 7.Na3 Nc6 8.Nxc4 Be6
9.b3 a5 10.Bb2 a4 11.Ng5 Bd7 12.d5 Na5 13.Ne5 Bb5 14.Qc2 c5 15.bxa4 Ba6
16.Qxc5 Bxe2 17.Rfe1 Rc8 18.Qe3 Bc4 19.Nexf7 Qd7 20.Bh3 Qxd5 21.Be6 Qc5
22.Nh6+ Kh8 23.Ngf7+ Rxf7 24.Nxf7+ Kg8 25.Nd6+ Kh8 26.Nxc8 {#r} 1-0

[Event "It (open)"]
[Site "masterchessopen.com Crailsheim (Germany)"]
[Round "5"]
[White "Wartlick Ole Dr (GER)"]
[Black "Loerke Reinhard (GER)"]
[Result "0-1"]
[WhiteElo "2039"]
[BlackElo "2113"]

1.g3 Nf6 2.Nf3 g6 3.Bg2 Bg7 4.O-O O-O 5.d4 d5 6.c4 dxc4 7.Nc3 Ne8 8.Qa4 Nd6
9.e4 c6 10.b4 b5 11.Qc2 a5 12.bxa5 Rxa5 13.e5 Bf5 14.Qb2 Ne4 15.Rd1 Nxc3
16.Qxc3 Be4 17.Ba3 Ra4 18.Ng5 Bxg2 19.Kxg2 Qd7 20.Re1 Na6 21.Ne4 b4 22.Bxb4
Rxb4 23.Nc5 Qd5+ 24.Kg1 Nxc5 25.dxc5 Qxc5 26.a4 Rb3 27.Qd2 Bxe5 {#R} 0-1

[Event "It (open) \"]
[Site "masterchessopen.com Eforie Nord (Romania)"]
[Round "0"]
[White "Chouganov Jurij (RUS)"]
[Black "Thesing Matthias (GER)"]
[Result "0-1"]
[WhiteElo "2175"]
[BlackElo "2438"]

1.Nf3 d5 2.g3 g6 3.Bg2 Bg7 4.d4 Nf6 5.O-O O-O 6.c4 dxc4 7.Na3 c3 8.bxc3 c5
9.Nc4 Nc6 10.Nfe5 Nd5 11.Nxc6 bxc6 12.Qd2 Ba6 13.Ne5 Bxe5 14.dxe5 Qa5 15.Bb2
Rab8 16.Rfb1 Rb7 17.Qc2 Bc4 18.e4 Nb6 19.Bc1 Rd7 20.Bf1 Bxf1 21.Kxf1 Qa6+
22.Kg2 Qc4 23.Bh6 Rfd8 24.a4 Rd3 25.Qe2 Rxg3+ {#R} 0-1

[Event "It (open)"]
[Site "masterchessopen.com Essen (Germany)"]
[Round "1"]
[White "Panchenko Alexandar G (UKR)"]
[Black "Berens Thomas (GER)"]
[Result "1-0"]
[WhiteElo "2419"]
[BlackElo "2041"]

1.d4 Nf6 2.Nf3 g6 3.g3 Bg7 4.Bg2 d5 5.O-O O-O 6.c4 dxc4 7.Na3 c5 8.Nxc4 Nbd7
9.Bd2 Ne4 10.Be3 Rb8 11.Qc2 f5 12.Rfd1 b5 13.Nce5 Nxe5 14.Nxe5 Bb7 15.dxc5
Bxe5 16.Rxd8 Rfxd8 17.c6 Ba8 18.c7 {#r} 1-0

[Event "It (open)"]
[Site "masterchessopen.com Feffernitz (Austria)"]
[Round "5"]
[White "Horvath Peter_ (HUN)"]
[Black "Mitter Gerd (AUT)"]
[Result "1-0"]
[WhiteElo "2450"]
[BlackElo "2153"]

1.d4 Nf6 2.Nf3 g6 3.c4 Bg7 4.g3 O-O 5.Bg2 d5 6.O-O dxc4 7.Na3 c3 8.bxc3 c5
9.e3 Nc6 10.Qe2 Qa5 11.Bb2 Bf5 12.Rfd1 cxd4 13.exd4 Rac8 14.Nc4 Qa6 15.Bf1 Be6
16.Ne3 Qxe2 17.Bxe2 Na5 18.d5 Bg4 19.Ba3 Bxf3 20.Bxf3 Rfe8 21.Bb4 Nc4 22.Nxc4
Rxc4 23.Re1 Rc7 24.Rac1 Bf8 25.c4 b6 26.Be2 Rec8 27.Rcd1 h5 28.Bf1 Rd8 29.a4
Rdc8 30.a5 Ne8 31.Rb1 Rb8 32.Ba3 Nd6 33.c5 Nb7 {#r} 1-0

[Event "Ch Hessen"]
[Site "masterchessopen.com Frankfurt (Germany)"]
[Round "10"]
[White "Janoschka Arnd (GER)"]
[Black "Seger Ruediger (GER)"]
[Result "1-0"]
[WhiteElo "2261"]
[BlackElo "2399"]

1.g3 Nf6 2.Bg2 g6 3.c4 d5 4.Nf3 Bg7 5.O-O O-O 6.d4 dxc4 7.Na3 Nc6 8.Nxc4 Be6
9.b3 a5 10.Bb2 a4 11.Ng5 Bd5 12.e4 Bxc4 13.bxc4 h6 14.Nh3 a3 15.Bc3 Nd7 16.Rc1
Nb6 17.d5 Ne5 18.f4 Ned7 19.Bxg7 Kxg7 20.Rf3 f6 21.c5 Na4 22.c6 bxc6 23.Rxc6
Nb8 24.Rc1 Qd6 25.e5 Qb6+ 26.Nf2 fxe5 27.fxe5 Nd7 28.Rc6 Qa7 29.Re6 Rxf3
30.Bxf3 Re8 31.Qd3 Nf8 32.Ra6 {#r} 1-0

[Event "It (open)"]
[Site "masterchessopen.com Griesheim (Germany)"]
[Round "2"]
[White "Konik Michael (GER)"]
[Black "Konopka Michal (CZE)"]
[Result "0-1"]
[WhiteElo "2048"]
[BlackElo "2453"]

1.d4 Nf6 2.Nf3 g6 3.g3 Bg7 4.Bg2 O-O 5.O-O d5 6.c4 dxc4 7.Nbd2 b5 8.a4 c6
9.Ne5 Nd5 10.axb5 cxb5 11.Ne4 f6 12.Nc3 Bb7 13.Nf3 a6 14.Re1 Nxc3 15.bxc3 Be4
16.Ba3 Nc6 17.Nh4 Bxg2 18.Nxg2 f5 19.Nf4 Qd7 20.d5 Nd8 21.Qc2 Be5 22.Ng2 Qxd5
23.Bxe7 Re8 24.Bg5 Qe4 25.Qb2 Ne6 26.Be3 Reb8 27.Qb4 Qc6 28.Red1 Rd8 29.Nf4
Bd6 30.Qa5 Bc7 31.Qb4 Nxf4 32.gxf4 Qe4 33.Qc5 Bxf4 34.Bxf4 Qxf4 35.Qe7 Qg4+
36.Kf1 Re8 {#R} 0-1

[Event "Oz.com qualifier (blitz)"]
[Site "masterchessopen.com Internet"]
[Round "4"]
[White "Dautov Rustem (GER)"]
[Black "Ricardi Pablo (ARG)"]
[Result "0-1"]
[WhiteElo "2606"]
[BlackElo "2488"]

1.d4 Nf6 2.Nf3 g6 3.c4 Bg7 4.g3 O-O 5.Bg2 d5 6.O-O dxc4 7.Na3 c3 8.bxc3 c5
9.e3 Nc6 10.Qe2 Nd5 11.Bb2 Nb6 12.Rad1 Na4 13.Ba1 Qa5 14.Nc4 Qa6 15.Rfe1 Rd8
16.e4 Na5 17.Ne3 Qxe2 18.Rxe2 Bd7 19.Rc2 cxd4 20.cxd4 Rac8 21.Rdc1 Rxc2
22.Rxc2 Rc8 23.Rc7 Rxc7 {#R} 0-1

[Event "It (open)"]
[Site "masterchessopen.com Liechtenstein"]
[Round "4"]
[White "Horvath Peter_ (HUN)"]
[Black "Blazkova Petra (CZE)"]
[Result "1-0"]
[WhiteElo "2450"]
[BlackElo "2222"]

1.d4 Nf6 2.Nf3 g6 3.g3 Bg7 4.Bg2 O-O 5.c4 d5 6.O-O dxc4 7.Na3 Nc6 8.Nxc4 Be6
9.b3 Bd5 10.Bb2 a5 11.a4 Qb8 12.Nfe5 Bxg2 13.Kxg2 Rd8 14.e3 Nxe5 15.Nxe5 Nd7
16.Nxd7 Rxd7 17.Qc2 Ra6 18.Rac1 Qd8 19.Rfd1 Rad6 20.Re1 Rc6 21.Qe4 Rb6 22.Rc3
e5 23.dxe5 Rd5 24.Rxc7 Rb4 25.Qc2 Qg5 26.Rc8+ Bf8 27.Ba3 Qxe5 28.Bxb4 axb4
29.Rd1 Rc5 30.Rxc5 Bxc5 31.Qc4 b6 32.a5 h5 33.a6 b5 34.Qd5 {#r} 1-0

[Event "Ch Australia"]
[Site "masterchessopen.com Mingara (Australia)"]
[Round "11"]
[White "Booth Stewart (AUS)"]
[Black "Zhao Zong-Yuan (AUS)"]
[Result "0-1"]
[WhiteElo "2181"]
[BlackElo "2341"]

1.d4 Nf6 2.c4 g6 3.g3 Bg7 4.Bg2 d5 5.Nf3 O-O 6.O-O dxc4 7.Na3 c3 8.bxc3 c5
9.Ne5 Nfd7 10.f4 Nxe5 11.dxe5 Nc6 12.Qxd8 Rxd8 13.Be3 f6 14.exf6 Bxf6 15.Nb5
Bg4 16.Kf2 Rac8 17.h3 Be6 18.Bxc5 a6 19.Nd4 Nxd4 20.Bxd4 Rxd4 21.cxd4 Bxd4+
22.e3 Rc2+ 23.Kg1 Bxa1 24.Rxa1 b5 25.a3 Rb2 26.h4 Kg7 27.Rc1 a5 28.Rc5 b4
29.Rxa5 b3 30.Rb5 Re2 31.Bf3 Ra2 32.Be4 b2 33.Rb4 Bf5 {#R} 0-1

[Event "Ch Bosnia & Herzegovina (team)"]
[Site "masterchessopen.com Neum (Bosnia & Herzegovina)"]
[Round "4"]
[White "Karahmetovic Adnan (BIH)"]
[Black "Pasic Enes (BIH)"]
[Result "1-0"]
[WhiteElo "2299"]
[BlackElo "2254"]

1.d4 d5 2.Nf3 Nf6 3.g3 g6 4.Bg2 Bg7 5.O-O O-O 6.c4 dxc4 7.Na3 c3 8.bxc3 c5
9.Nc4 Be6 10.Nce5 Nd5 11.Qd2 Nc6 12.Nxc6 bxc6 13.Ba3 cxd4 14.cxd4 Nb6 15.Qb4
Bd5 16.Rac1 Re8 17.Rfd1 Qc8 18.Re1 Qa6 19.e4 Bc4 20.Ne5 Bxe5 21.dxe5 Rad8
22.Bb2 Qb5 23.Bc3 Na4 24.Bd2 Nb6 25.a4 Qxe5 26.Bf4 c5 27.Qxb6 {#r} 1-0

[Event "Ch Yugoslavia (team)"]
[Site "masterchessopen.com Novi Sad (Yugoslavia)"]
[Round "4"]
[White "Drasko Milan (MNE)"]
[Black "Nestorovic Dejan (SRB)"]
[Result "1-0"]
[WhiteElo "2485"]
[BlackElo "2462"]

1.d4 Nf6 2.c4 g6 3.Nf3 Bg7 4.g3 O-O 5.Bg2 d5 6.O-O dxc4 7.Na3 Nc6 8.Nxc4 Be6
9.b3 Bd5 10.Bb2 a5 11.Ne3 Be4 12.a3 Bh6 13.Nc4 Bd5 14.a4 Nb4 15.e3 Be4 16.Nfe5
Bc2 17.Qe2 c6 18.Ra3 Ne8 19.Rc1 f6 20.Ng4 Bg7 21.Rxc2 Nxc2 22.Qxc2 h5 23.Qxg6
hxg4 24.Be4 e6 25.Qh7+ Kf7 26.Bg6+ Ke7 27.Bxe8 Qxe8 28.Qxg7+ Rf7 29.Qxg4 Qh8
30.Ra1 {#r} 1-0

[Event "It (open)"]
[Site "masterchessopen.com Presov (Slovakia)"]
[Round "2"]
[White "Csala Jan (SVK)"]
[Black "Pribyl Josef (CZE)"]
[Result "0-1"]
[WhiteElo "2188"]
[BlackElo "2376"]

1.d4 Nf6 2.Nf3 g6 3.g3 d5 4.Bg2 Bg7 5.O-O O-O 6.c4 dxc4 7.Na3 c3 8.bxc3 c5
9.Bb2 Nc6 10.Nc4 Be6 11.Nce5 Bd5 12.Nd3 cxd4 13.cxd4 Qa5 14.Qd2 Qxd2 15.Nxd2
Bxg2 16.Kxg2 Rfd8 17.e3 e5 18.Nxe5 Nxe5 19.dxe5 Rxd2 20.exf6 Rxb2 21.fxg7 Rc8
22.Rfb1 Rcc2 23.Rxb2 Rxb2 24.a3 b5 25.g4 a5 26.Rc1 a4 27.Rc5 Kxg7 28.g5 Rb3
29.Kf3 Kf8 30.Kf4 Rb2 31.f3 Rxh2 32.Rxb5 Ra2 33.Ke5 Rxa3 34.Kf6 Rxe3 {#R} 0-1

[Event "Cup Croatia"]
[Site "masterchessopen.com Pula (Croatia)"]
[Round "1"]
[White "Plesec Damjan (SLO)"]
[Black "Fercec Nenad (CRO)"]
[Result "0-1"]
[WhiteElo "2338"]
[BlackElo "2458"]

1.Nf3 Nf6 2.d4 g6 3.g3 Bg7 4.Bg2 O-O 5.O-O d5 6.c4 dxc4 7.Qc2 c5 8.dxc5 Qd5
9.Na3 Qxc5 10.Be3 Qh5 11.Qxc4 Nc6 12.Nb5 Ng4 13.Bd4 a6 14.Nc7 Nxd4 15.h3 Nxf3+
16.exf3 Ne5 17.Qb3 Rb8 {#R} 0-1

[Event "It (open)"]
[Site "masterchessopen.com Salou (Spain)"]
[Round "2"]
[White "Zurano Lopez Pedro (ESP)"]
[Black "Gofshtein Zvulon (ISR)"]
[Result "0-1"]
[WhiteElo "2267"]
[BlackElo "2561"]

1.d4 Nf6 2.Nf3 g6 3.g3 Bg7 4.Bg2 O-O 5.O-O d5 6.c4 dxc4 7.Na3 Nc6 8.Nxc4 Be6
9.b3 a5 10.a4 Bd5 11.Bb2 Qb8 12.Nfe5 Rd8 13.Bxd5 Nxd5 14.Nxc6 bxc6 15.Qc2 Qa7
16.Ne5 Bxe5 17.dxe5 Rab8 18.Rfd1 Qb6 19.e4 Nb4 20.Qc4 c5 21.e6 Qxe6 22.Rxd8+
Rxd8 23.Qxc5 Nd3 24.Qc3 f6 25.Rd1 Qxe4 26.Qxc7 Rd6 27.Ba3 Nf4 {#R} 0-1

[Event "Memorial G.Koltanowski"]
[Site "masterchessopen.com San Francisco (USA)"]
[Round "8"]
[White "Shipman Walter (USA)"]
[Black "Shivaji Shivkuma (PLE)"]
[Result "0-1"]
[WhiteElo "2306"]
[BlackElo "2295"]

1.d4 Nf6 2.g3 g6 3.Bg2 d5 4.Nf3 Bg7 5.c4 O-O 6.O-O dxc4 7.Na3 c3 8.bxc3 c5
9.Nc4 cxd4 10.cxd4 Be6 11.Nce5 Bd5 12.a4 Nc6 13.Nxc6 Bxc6 14.a5 Rc8 15.Bb2 Be4
16.Ne1 Bxg2 17.Nxg2 Qc7 18.e3 Rfd8 19.Qb3 Qc2 20.Qxc2 Rxc2 21.Ba3 e5 22.Bc5
exd4 23.Bxd4 Ne4 24.Bxg7 Kxg7 25.f3 Ng5 26.Nf4 Rdd2 27.h4 Nh3+ {#R} 0-1

[Event "It (open)"]
[Site "masterchessopen.com Torino (Italy)"]
[Round "2"]
[White "Lazic Miroljub (SRB)"]
[Black "Spinelli Doriano (ITA)"]
[Result "1-0"]
[WhiteElo "2470"]
[BlackElo "2189"]

1.g3 g6 2.Bg2 Bg7 3.d4 d5 4.Nf3 Nf6 5.O-O O-O 6.c4 dxc4 7.Na3 c5 8.Nxc4 cxd4
9.Nxd4 Nc6 10.Nxc6 bxc6 11.Qxd8 Rxd8 12.Bxc6 Bh3 13.Bxa8 Bxf1 14.Kxf1 Rxa8
15.Bd2 Rc8 16.Rc1 Ne4 17.Be3 Nf6 18.Na5 Ra8 19.Bd4 Nd5 20.Bxg7 Kxg7 21.e4 Nf6
22.Rc4 Rb8 23.b4 Ng4 24.Nc6 Rb6 25.h3 Nf6 26.Na5 Ne8 27.e5 f6 28.Rc8 Kf7
29.Nc6 Ra6 30.b5 Rxa2 31.e6+ Kxe6 32.Rxe8 a6 33.b6 Rb2 34.Rb8 Kd6 35.Na5 {#r}
1-0

[Event "It (open)"]
[Site "masterchessopen.com Werther (Germany)"]
[Round "5"]
[White "Richter Christian (GER)"]
[Black "Simonenko Sergei (TKM)"]
[Result "1-0"]
[WhiteElo "2234"]
[BlackElo "2465"]

1.d4 Nf6 2.c4 g6 3.Nf3 Bg7 4.g3 O-O 5.Bg2 d5 6.O-O dxc4 7.Na3 c3 8.bxc3 c5
9.e3 Nc6 10.Qe2 Ne4 11.Bb2 Qa5 12.Nc4 Qa6 13.Rfe1 Be6 14.Nfd2 f5 15.Bf1 b5
16.Na3 Nxd2 17.Qxd2 c4 18.Bg2 Rad8 19.Nc2 Bd5 20.f3 Qb6 21.Ba3 Bf7 22.Qe2 Rfe8
23.Bc5 Qa5 24.Nb4 Nxb4 25.Bxb4 Qc7 26.a4 a5 27.Bc5 Rb8 28.axb5 Rxb5 29.Rec1 e5
30.Qd2 Rd8 31.Qa2 Ra8 32.f4 Ra6 33.Rab1 Rb3 34.Qa4 exf4 35.exf4 Bf6 36.Bf1 Qc6
{#r} 1-0

[Event "It (open)"]
[Site "masterchessopen.com Bad Harzburg (Germany)"]
[Date "2000.11.04"]
[Round "6"]
[White "Fiedler Frank (GER)"]
[Black "Bruening Wolfgang (GER)"]
[Result "0-1"]
[WhiteElo "1966"]
[BlackElo "2083"]

1.Nf3 Nf6 2.d4 g6 3.g3 Bg7 4.Bg2 d5 5.O-O O-O 6.c4 dxc4 7.Nc3 Nc6 8.Qa4 Nd7
9.Qxc4 Nb6 10.Qd3 Nxd4 11.Nxd4 Qxd4 12.Qxd4 Bxd4 13.Nb5 Be5 14.Bh6 Rd8 15.Rfd1
Bd7 16.Nc3 c6 17.Rac1 Be6 18.a3 Bb3 19.Rxd8+ Rxd8 20.Be4 Nc4 21.Bc2 Bxc2
22.Rxc2 b5 23.Kf1 a5 24.e3 Nxb2 25.Rxb2 Bxc3 26.Rc2 b4 27.axb4 axb4 28.Ke2 c5
29.e4 c4 30.Bc1 Rc8 31.Kd1 Bd4 32.Bb2 c3 33.Bc1 b3 34.Re2 b2 {#R} 0-1

[Event "It (open)"]
[Site "masterchessopen.com Bad Woerishofen (Germany)"]
[Round "3"]
[White "Martinovic Slobodan (SRB)"]
[Black "Sailer Wolfgang (GER)"]
[Result "1-0"]
[WhiteElo "2440"]
[BlackElo "2167"]

1.Nf3 Nf6 2.g3 g6 3.d4 Bg7 4.Bg2 O-O 5.O-O d5 6.c4 dxc4 7.Na3 c5 8.Nxc4 Nc6
9.dxc5 Qxd1 10.Rxd1 Ne4 11.Be3 Be6 12.Rac1 Nc3 13.bxc3 Bxc4 14.Nd4 Na5 15.Nb3
Nxb3 16.axb3 Bxb3 17.Rd7 a5 18.Bxb7 Rad8 19.Rxd8 Rxd8 20.c6 Rf8 21.Bd4 e5
22.Bc5 Re8 23.c4 Bh6 24.e3 Ba4 25.c7 Bd7 26.Rd1 {#r} 1-0

[Event "Ch Romania"]
[Site "masterchessopen.com Baile Tusnad (Romania)"]
[Round "7"]
[White "Cosma Ioan (ROM)"]
[Black "Lupulescu Constantin (ROM)"]
[Result "1-0"]
[WhiteElo "2472"]
[BlackElo "2467"]

1.Nf3 Nf6 2.g3 g6 3.Bg2 Bg7 4.O-O d5 5.d4 O-O 6.c4 dxc4 7.Na3 c3 8.bxc3 c5
9.e3 Nc6 10.Qe2 Qa5 11.Bb2 Bf5 12.Nd2 Rad8 13.Nb3 Qc7 14.Nxc5 b6 15.Nb3 e5
16.d5 Nb8 17.e4 Bc8 18.Nb5 Ba6 19.c4 Qd7 20.a4 Rfe8 21.c5 bxc5 22.Nxc5 Bxb5
23.axb5 Qc7 24.Rfc1 Qb6 25.Na6 Bf8 26.Bc3 Rc8 27.Bh3 Nbd7 28.Bd2 Rxc1+ 29.Rxc1
Nc5 30.Be3 Nfxe4 31.Bg2 {#r} 1-0

[Event "Memorial Em.Lasker (open)"]
[Site "masterchessopen.com Barlinek (Czech Republic)"]
[Round "8"]
[White "Szczechowicz Bartosz (POL)"]
[Black "Zielinska Marta (POL)"]
[Result "0-1"]
[WhiteElo "2298"]
[BlackElo "2405"]

1.d4 g6 2.g3 Bg7 3.Bg2 d5 4.Nf3 Nf6 5.O-O O-O 6.c4 dxc4 7.Qc2 Nc6 8.Rd1 Qd5
9.Na3 Bf5 10.Qxc4 Be4 11.Bf4 Rac8 12.Qxd5 Nxd5 13.Nc4 Nxf4 14.gxf4 Bxf3
15.Bxf3 Nxd4 16.Kg2 c6 17.Rac1 b6 18.Ne5 c5 19.Bb7 Nxe2 20.Rc4 Nxf4+ 21.Rxf4
Bxe5 22.Bxc8 Bxf4 23.Ba6 Bd6 24.a4 Kg7 25.b3 f5 26.Bc4 Kf6 27.h3 Rd8 28.f4 Bc7
29.Rxd8 Bxd8 30.Kf3 Bc7 {#R} 0-1

[Event "It (cat.7)"]
[Site "masterchessopen.com Belgrade (Yugoslavia)"]
[Round "7"]
[White "Koneru Humpy (IND)"]
[Black "Nestorovic Dejan (SRB)"]
[Result "1-0"]
[WhiteElo "2484"]
[BlackElo "2428"]

1.Nf3 g6 2.g3 Bg7 3.d4 d5 4.Bg2 Nf6 5.O-O O-O 6.c4 dxc4 7.Na3 c3 8.bxc3 c5
9.Bb2 Nc6 10.Nc4 Be6 11.Ncd2 Qb6 12.Ba3 cxd4 13.cxd4 Rfd8 14.e3 Qa6 15.Qc1 Bd5
16.Qb2 Ne4 17.Nb3 b6 18.Rfe1 Rac8 19.Rac1 Nd6 20.Bxd6 Rxd6 21.Bf1 Qb7 22.Nbd2
Rdd8 23.e4 Nxd4 24.Nxd4 Bc6 25.e5 {#r} 1-0

[Event "Ch Hungary (team) 2000/01 (2 liga)"]
[Site "masterchessopen.com Hungary"]
[Round "9"]
[White "Bako Viktor (HUN)"]
[Black "Szekeres Sandor (HUN)"]
[Result "0-1"]
[WhiteElo "2149"]
[BlackElo "2142"]

1.c4 Nf6 2.Nf3 g6 3.g3 Bg7 4.Bg2 O-O 5.O-O d5 6.d4 dxc4 7.Na3 c3 8.bxc3 c5
9.Ne5 Nfd7 10.f4 Nxe5 11.fxe5 Nc6 12.e3 Qa5 13.Qb3 Qc7 14.Nb5 Qa5 15.Bd5 Be6
16.Bxe6 fxe6 17.Qxe6+ Kh8 18.Qb3 Rxf1+ 19.Kxf1 Rf8+ 20.Kg2 a6 21.Na3 cxd4
22.exd4 Nxd4 23.cxd4 Qe1 24.Bf4 Qxa1 25.Nc2 Qd1 26.Qc4 b5 27.Qc6 g5 {#R} 0-1

[Event "Ch Europe (team) (w)"]
[Site "masterchessopen.com Leon (Spain)"]
[Round "2"]
[White "Macek Vlasta (CRO)"]
[Black "Gara Ticia (HUN)"]
[Result "0-1"]
[WhiteElo "2237"]
[BlackElo "2348"]

1.d4 Nf6 2.Nf3 g6 3.g3 Bg7 4.Bg2 d5 5.O-O O-O 6.c4 dxc4 7.Na3 c3 8.bxc3 c5
9.e3 Nc6 10.Bb2 Bf5 11.Qe2 Qb6 12.Rfc1 Rfd8 13.Nc4 Qa6 14.Bf1 Ne4 15.Qe1 b5
16.Ncd2 cxd4 17.cxd4 Qb6 18.Nb3 a5 19.Nc5 a4 20.Nh4 a3 21.Bc3 Nxc3 22.Nxf5
gxf5 23.Rxc3 e5 24.Rb1 b4 25.dxe5 Nxe5 26.Be2 Nf3+ 27.Bxf3 Bxc3 28.Qxc3 bxc3
29.Rxb6 c2 30.Nb3 Rac8 31.Kg2 Rd3 {#R} 0-1

[Event "It \"]
[Site "masterchessopen.com Olomouc (Czech Republic)"]
[Round "4"]
[White "Dudas Jan (SVK)"]
[Black "Dvorak Tomas (CZE)"]
[Result "0-1"]
[WhiteElo "2315"]
[BlackElo "2263"]

1.d4 Nf6 2.c4 g6 3.g3 Bg7 4.Bg2 d5 5.Nf3 O-O 6.O-O dxc4 7.Na3 Nc6 8.Nxc4 Be6
9.b3 a5 10.a4 Bd5 11.Bb2 Nb4 12.Rc1 c6 13.Ne1 b5 14.Ne5 Qb6 15.e4 Be6 16.axb5
Qxb5 17.Rc5 Qb6 18.N1d3 Nd7 19.Nxd7 Bxd7 20.Ne5 Be6 21.f4 Rfd8 22.Qf3 Bxe5
23.fxe5 Nd3 24.Rxc6 Qxc6 25.Qxd3 Qb6 26.Kh1 Qxb3 27.Qd2 Rdc8 28.Ba1 Rc2 29.Qd1
Qa2 30.Qf3 Rb8 31.d5 Rb3 32.Qf4 Rxg2 33.g4 Rh3 {#R} 0-1